00347 a2200145 4500001000700000020001800007040002200025041001600047082002100063100002300084245004200107260003100149300000800180362001300188130983 a85-02-02449-3 cLeonardo Da Vinci aPortuguês a910 L967gbL967g aLUCCI, Elian Alabi aGeografiabo homem no espaço global bSaraivac1997aSão Paulo a400 a19970000